Trh márnosti

Podrobná bibliografia
Hlavný autor: Thackeray, William Makepeace, 1811-1863 (Autor)
Ďalší autori: Vojtek, Juraj, 1936-2016 (Prekladateľ), Polakovič, Dušan, 1950-2016 (Ilustrátor)
Médium: Kniha
Jazyk:slovenčina
angličtina
Fyzický popis:579 s. ilustrácie 25 cm
Vydavateľské údaje: Bratislava Tatran 1990
ISBN:8022202134
Vydanie:1. vyd.
Edícia:Výber
Predmet:

MARC

LEADER 00000cam a2200000 a 4500
001 vtls001063465
003 SK-MaSNL
005 20260302063718.0
008 240226s1990 xo a gr 000 f slo
015 |a SNBA1991/02 
020 |a 8022202134  |q (viazané) 
035 |a SNK000006294 
040 |a SNK  |b slo  |c SNK  |e AACR2 
041 1 |a slo  |h eng 
044 |a xo  |c SK 
072 7 |a 821.111-3  |x Anglická próza, anglicky písaná  |2 konspekt 
080 |a 821.111-31  |2 2011 
100 1 |a Thackeray, William Makepeace,  |d 1811-1863  |4 aut  |9 114535 
240 1 0 |a Vanity fair  |l Slovensky 
245 1 0 |a Trh márnosti  |c William Makepeace Thackeray ; Juraj Vojtek, Dušan Polakovič 
250 |a 1. vyd. 
260 |a Bratislava  |b Tatran  |c 1990  |e Banská Bystrica  |f Tlačiarne SNP 
300 |a 579 s.  |b ilustrácie  |c 25 cm 
366 |e 4000 výtl. 
490 1 |a Výber  |v Zv. 60 
655 7 |a anglické romány  |2 SNKPH  |9 70428 
655 7 |a English fiction  |2 SNKPHeng  |9 109944 
700 1 |a Vojtek, Juraj,  |d 1936-2016  |4 trl  |9 195147 
700 1 |a Polakovič, Dušan,  |d 1950-2016  |4 ill  |9 113860 
830 0 |a Výber  |9 307840 
919 |a 80-222-0213-4 
954 |a beletria cudzojazyčná (svetová)  |2 lita 
958 |a LX 
958 |a TL 
958 |a UP 
958 |a OND 
958 |a EUIPO 
968 |a SLO  |b ENG 
999 |c 1133640  |d 1135570 
952 |a SNK  |b SNK  |y VYP  |7 0  |p 17A0178976  |o snkSC 78626 D1  |0 0  |1 0  |4 0  |d 1999-01-28  |l 0  |r 2004-12-31 00:00:00  |w 2026-02-24 
952 |a SNK  |b SNK  |y PREZ  |7 0  |p 17A0897148  |o snkSC 78626  |i snkKSP 121/91  |0 0  |1 0  |4 0  |d 2012-08-09  |f 1  |l 0  |r 2026-02-24 19:10:05  |w 2026-02-24